| Tag |
First Indicator |
Second Indicator |
Subfields |
| LEADER |
00000cam a2200000La 4500 |
| 001 |
in00002249608 |
| 005 |
20190326182807.0 |
| 006 |
m u |
| 007 |
cr cn| |
| 008 |
000807s1991 cauab sb s001 0 eng d |
| 020 |
|
|
|a 0585078785 (electronic bk.)
|
| 020 |
|
|
|a 9780585078786 (electronic bk.)
|
| 035 |
|
|
|a (OCoLC)ocm44954934
|
| 035 |
|
|
|a (OCoLC)44954934
|
| 040 |
|
|
|a N$T
|c N$T
|d OCL
|d OCLCQ
|d UtOrBLW
|
| 049 |
|
|
|a TXAM
|
| 050 |
1 |
4 |
|a D210
|b .G58 1991eb
|
| 082 |
0 |
4 |
|a 904/.7
|2 20
|
| 100 |
1 |
|
|a Goldstone, Jack A.
|
| 245 |
1 |
0 |
|a Revolution and rebellion in the early modern world /
|c Jack A. Goldstone.
|
| 264 |
|
1 |
|a Berkeley :
|b University of California Press,
|c [1991]
|
| 264 |
|
4 |
|c ©1991
|
| 300 |
|
|
|a xxix, 608 pages :
|b illustrations, maps ;
|c 24 cm.
|
| 336 |
|
|
|a text
|b txt
|2 rdacontent
|
| 337 |
|
|
|a computer
|b c
|2 rdamedia
|
| 338 |
|
|
|a online resource
|b cr
|2 rdacarrier
|
| 504 |
|
|
|a Includes bibliographical references (pages 503-587) and index.
|
| 533 |
|
|
|a Electronic reproduction.
|b Boulder, Colo. :
|c NetLibrary,
|d 2000.
|n Available via the World Wide Web.
|n Available in multiple electronic file formats.
|n Access may be limited to NetLibrary affiliated libraries.
|
| 500 |
|
|
|a Electronic resource.
|
| 650 |
|
0 |
|a Revolutions
|x History.
|
| 650 |
|
0 |
|a History, Modern.
|
| 650 |
|
0 |
|a State, The
|x History.
|
| 655 |
|
7 |
|a Electronic books.
|2 local
|
| 710 |
2 |
|
|a NetLibrary, Inc.
|
| 776 |
1 |
|
|c Original
|z 0520067584
|w (DLC) 89049052
|w (OCoLC)20800531
|
| 856 |
4 |
0 |
|u http://proxy.library.tamu.edu/login?url=http://www.netLibrary.com/urlapi.asp?action=summary&v=1&bookid=21194
|z Connect to the full text of this electronic book
|t 0
|
| 994 |
|
|
|a 92
|b TXA
|
| 999 |
|
|
|a MARS
|
| 999 |
f |
f |
|s b8468e33-0f4c-3338-a7ce-dbb2bd5e8444
|i ad666fda-91b8-3566-9807-998907b9d31f
|t 0
|
| 952 |
f |
f |
|a Texas A&M University
|b College Station
|c Electronic Resources
|d Available Online
|t 0
|e D210 .G58 1991eb
|h Library of Congress classification
|
| 998 |
f |
f |
|a D210 .G58 1991eb
|t 0
|l Available Online
|